Odd But True Facts XVII Quiz Stats

 Plays Quiz Updated Feb 19, 2018

Challenge
Share
Tweet
Embed
Score 0/26 Timer 07:00
17 Plays Today
% Correct
hungry
93.8%
the most dangerous occupation
91.4%
couldn't be pointed at the sky
91.3%
Jane Austen
91%
Brad Pitt
90.6%
was vomited up by a frog
90.4%
koalas
89.9%
gave him a back massage
89.4%
Donald Trump
89.4%
the riverbed
89.1%
dented the Vince Lombardi trophy
89%
ever been seen again
87.9%
the common cold
87.8%
% Correct
not fat
87.6%
glow in the dark balls
86.9%
shrunk by 80%
86.2%
with milk and two sugars
86.2%
your legs
85.8%
their arrowheads
85.2%
a spectator
84.9%
tea-making facilities
84.6%
any nation's laws
84.2%
Kräpp
83.4%
half an acre of water
80.5%
65 minutes
76.4%
orange
71.5%

You're not logged in!

Compare scores with friends on all Sporcle quizzes.
OR
Log In

You Might Also Like...

Show Comments

Extras

Top Quizzes Today


Score Distribution

Your Account Isn't Verified!

In order to create a playlist on Sporcle, you need to verify the email address you used during registration. Go to your Sporcle Settings to finish the process.

Report this User

Report this user for behavior that violates our Community Guidelines.

Details: